000 00450 a2200157 4500
040 _aDLC
_bDLC
082 _a297.63
100 _aQazi Muhammad Sulaiman
245 _aMuhammad (S.A.W) Mercy for the Worlds
_cQazi Muhammad Sulaiman
_hBook
260 _aKarachi :
_bDarul Ishaat
_c2002.
300 _a775 p. ; .
_c24 cm
500 _aIncludes Index
650 _aMuhammad, Prophet, d632.
700 _aSalman Mansoor Puri.
942 _cBK
_k297.63 QAZ
_2ddc
999 _c7270
_d7270